MARC

LEADER 00000nam0a2200000 4500
001 193286
005 20231101224456.0
035 |a (RuTPU)RU\TPU\book\210803 
090 |a 193286 
100 |a 20110322d1975 m y0rusy50 ca 
101 0 |a rus 
102 |a RU 
105 |a a z 001zy 
200 1 |a Первые ступени (записки инженера)  |f А. Иванов 
205 |a 2-е изд. 
210 |a Москва  |c Молодая гвардия  |d 1975 
215 |a 160 с.  |c ил. 
225 1 |a Эврика 
600 1 |a Гагарин  |b Ю. А.  |c российский летчик-космонавт  |c Герой Советского Союза  |f 1934-1968  |g Юрий Алексеевич  |2 stltpush  |3 (RuTPU)RU\TPU\pers\50  |9 33 
600 1 |a Королев  |b С. П.  |c российский конструктор ракетно-космических систем  |c Герой Социалистического труда  |f 1906/1907-1966  |g Сергей Павлович  |2 stltpush  |3 (RuTPU)RU\TPU\pers\13510  |9 4159 
610 1 |a космос 
610 1 |a космонавтика 
610 1 |a первый полет 
610 1 |a воспоминания 
610 1 |a космические корабли 
675 |a 629  |v 3 
700 1 |a Иванов  |b А.  |g Алексей 
801 1 |a RU  |b 63413507  |c 20110322 
801 2 |a RU  |b 63413507  |c 20111011  |g RCR 
942 |c BK